| 000 | 01366cam a22002054a 4500 | ||
|---|---|---|---|
| 005 | 20250605163346.0 | ||
| 008 | 250528s ||||||||||||||||||||||||d | ||
| 035 | _a17562 | ||
| 020 | _a9789602187326 | ||
| 040 |
_aGR-AtMCL _bgre _dGR-AtMCL _eAACR2 |
||
| 245 | 1 | _aΔιοίκηση και Διαχείριση Έργων / Μέθοδοι και Τεχνικές Νέα Αναθεωρημένη Έκδοση | |
| 250 | _a2η | ||
| 260 |
_bΚριτική, _c2011 |
||
| 300 | _a616 | ||
| 520 | _aΈνα Σύγγραμμα που επιχειρεί να καλύψει βασικά ζητήματα διοίκησης, οργάνωσης και προγραμματισμού των έργων. Ανάλυση Βασικών Εννοιών για τα έργα, Εισαγωγή στη Διοίκηση των Έργων, Ηγεσία και Καθοδήγηση στις Επιχειρήσεις και τα Έργα, Απόδοση και Υποκίνηση και Κίνητρα και Αμοιβές των Εργαζομένων, Επιλογή και Μεταβολές και Αξιολόγηση του Προσωπικού, Ανάλυση Χρηματοδοτικών Προβλημάτων στα Έργα, Ασκήσεις, Βιβλιογραφία. | ||
| 700 | 1 | _aΠολύζος Σεραφείμ | |
| 942 | _cBK | ||
| 999 |
_c2966 _d2966 |
||